Les plus grands buteurs de chaque coupe du monde depuis 2002 - Statistiques

Statistiques générales
  • Ce quiz a été pris 198 fois
  • Le résultat moyen est 7 sur 10
Statistiques - réponses
Hint Réponse % Correct
2022 🇫🇷 Kylian Mbappé
99%
2002 🇧🇷 Ronaldo
92%
2014 🇨🇴 James Rodriguez
80%
2010 🇩🇪 Thomas Müller
80%
2010 🇪🇸 David Villa
77%
2006 🇩🇪 Miroslav Klose
74%
2010 🇺🇾 Diego Forlán
72%
2018 🏴󠁧󠁢󠁥󠁮󠁧󠁿 Harry Kane
72%
2010 🇳🇱 Wesley Sneijder
47%
1998 🇭🇷 Davor Suker
42%
Aucun quiz correspondant
Distribution des résultats
% des personnes avec chaque résultat
Percentile par nombre de réponses
Votre historique - résultats
Vous n’avez pas pris ce quiz